| 000 | 00529nam a2200169 a 4500 | ||
|---|---|---|---|
| 001 | 000019219 | ||
| 005 | 20200929165943.0 | ||
| 008 | 100528s1965 ve r 000 0 spa d | ||
| 040 |
_aDO-SdBNP _bspa _cBNPHU |
||
| 082 |
_axxx _bS226v |
||
| 100 | 1 |
_aSanguineti, Edoardo _941348 |
|
| 245 | 1 | 0 |
_aVanguardia, ideología y lenguaje / _cEdoardo Sanguineti ; traducción Antonio Pasquali. |
| 260 |
_aCaracas : _bMonte Avila Editores, _c1965. |
||
| 300 |
_a145 p. : ; _c19 cm. |
||
| 700 | 1 |
_aPasquali, Antonio, _etr. _941349 |
|
| 049 | _aBNGR | ||
| 999 |
_c18737 _d18737 |
||